Sports Quiz

Random Sports or MLB Quiz

Braves Franchise 25+ HRs Single Season Quiz Stats

 Plays Quiz not verified by Sporcle

Challenge
Share
Tweet
Embed
Score 0/119 Timer 10:00
7 Plays Today
HRs Player % Correct
30Chipper Jones
99.6%
34Chipper Jones
99.6%
45Chipper Jones
99.6%
36Chipper Jones
99.6%
38Chipper Jones
99.6%
26Chipper Jones
99.6%
27Chipper Jones
99.6%
30Chipper Jones
99.6%
26Chipper Jones
99.6%
29Chipper Jones
99.6%
31Andruw Jones
99.5%
26Andruw Jones
99.5%
36Andruw Jones
99.5%
34Andruw Jones
99.5%
35 Andruw Jones
99.5%
36Andruw Jones
99.5%
29Andruw Jones
99.5%
51Andruw Jones
99.5%
41Andruw Jones
99.5%
26Andruw Jones
99.5%
31Mack Jones
99%
27Hank Aaron
98.9%
26Hank Aaron
98.9%
44Hank Aaron
98.9%
30Hank Aaron
98.9%
39Hank Aaron
98.9%
40Hank Aaron
98.9%
34Hank Aaron
98.9%
45Hank Aaron
98.9%
44Hank Aaron
98.9%
32Hank Aaron
98.9%
44Hank Aaron
98.9%
39Hank Aaron
98.9%
29Hank Aaron
98.9%
44Hank Aaron
98.9%
38Hank Aaron
98.9%
47Hank Aaron
98.9%
34Hank Aaron
98.9%
40Hank Aaron
98.9%
33Dale Murphy
91.2%
HRs Player % Correct
36Dale Murphy
91.2%
36Dale Murphy
91.2%
36Dale Murphy
91.2%
37Dale Murphy
91.2%
29Dale Murphy
91.2%
44Dale Murphy
91.2%
25Eddie Mathews
87.5%
47Eddie Mathews
87.5%
40Eddie Mathews
87.5%
41Eddie Mathews
87.5%
37Eddie Mathews
87.5%
32Eddie Mathews
87.5%
31Eddie Mathews
87.5%
46Eddie Mathews
87.5%
39Eddie Mathews
87.5%
32Eddie Mathews
87.5%
29Eddie Mathews
87.5%
32Eddie Mathews
87.5%
34Javy Lopez
85.4%
43Javy Lopez
85.4%
28David Justice
81.5%
40 David Justice
81.5%
28Freddie Freeman
79.3%
34Freddie Freeman
79.2%
34Fred McGriff
78%
27Fred McGriff
78%
28Fred McGriff
78%
43Davey Johnson
70.9%
32Ron Gant
68.4%
32Ron Gant
68.4%
36Ron Gant
68.4%
25Gary Sheffield
64.4%
39Gary Sheffield
64.4%
44Andres Galarraga
61.5%
28Andres Galarraga
61.5%
33Bob Horner
60.4%
35Bob Horner
60.4%
32Bob Horner
60.4%
27Bob Horner
60.4%
27Bob Horner
60.4%
HRs Player % Correct
41Darrell Evans
55.8%
25Darrell Evans
55.8%
34Ryan Klesko
52.5%
27Joe Torre
52%
36Joe Torre
52%
36Dan Uggla
49.8%
27Jason Heyward
40.7%
38Joe Adcock
40.7%
25Joe Adcock
40.7%
25Joe Adcock
40.7%
35Joe Adcock
40.7%
29Joe Adcock
40.7%
33Earl Williams
40.5%
28Earl Williams
40.5%
41Jeff Burroughs
38.7%
27Justin Upton
37.2%
29Justin Upton
37.2%
25Rico Carty
32.3%
25Brian Jordan
30.8%
31J.D. Drew
28.1%
31Felipe Alou
28%
34Orlando Cepeda
26.7%
29Jeff Francoeur
26.2%
32Adam LaRoche
22.7%
38Wally Berger
22.6%
27Wally Berger
22.6%
34Wally Berger
22.6%
34Wally Berger
22.6%
25Wally Berger
22.6%
25Frank Thomas
20.7%
27Gary Matthews
19%
26Del Crandall
18.1%
28Tommy Holmes
13.1%
26Clete Boyer
10.7%
27Ozzie Virgil
10.4%
27Sid Gordon
8.7%
29Sid Gordon
8.7%
25Sid Gordon
8.7%
25Chuck Workman
3.4%

You're not logged in!

Compare scores with friends on all Sporcle quizzes.
Join for Free
OR
Log In

You Might Also Like...

Show Comments

Extras

Top Quizzes Today


Score Distribution

Your Account Isn't Verified!

In order to create a playlist on Sporcle, you need to verify the email address you used during registration. Go to your Sporcle Settings to finish the process.

Report this User

Report this user for behavior that violates our Community Guidelines.

Details: